000 00332nam a2200145Ia 4500
008 150201s2006 xx 000 0 und d
082 _a617
_bE06C
100 _aCLARK, ORLO
245 _aTB. OF ENDOCRINE SURGERY
250 _a2ND
260 _bELSEVIER
_aPHILADPHIA
_c2006
300 _a1-828
650 _aSURGERY
942 _2ddc
_cBK
999 _c235
_d235